Normal view
MARC view
Entry Corporate Name
001 - CONTROL NUMBER
- control field: 44424
003 - CONTROL NUMBER IDENTIFIER
- control field: ARRUPE
005 - DATE AND TIME OF LATEST TRANSACTION
- control field: 20190206105818.0
008 - FIXED-LENGTH DATA ELEMENTS
- fixed length control field: 190206|| aca||aabn | a|a d
040 ## - CATALOGING SOURCE
- Original cataloging agency: ARRUPE
- Transcribing agency: ARRUPE
110 ## - HEADING--CORPORATE NAME
- Corporate name or jurisdiction name as entry element: China.
- Subordinate unit: Guo wu yuan.
- Subordinate unit: Xin wen ban gong shi.
670 ## - SOURCE DATA FOUND
- Source citation: Work cat.: (ARRUPE)0: Zhang, Yuxin. 44420, Testimony of history /, 2002 .